Statistics for Top 10 Gold Reserves

Click here to take the quiz!

General Stats

  • This quiz has been taken 32 times
  • The average score is 9 of 10

Answer Stats

Metric TonnesAnswer% Correct
8133USA
100%
1054China
97%
836Russia
97%
3401Germany
90%
2435France
90%
765Japan
90%
2451Italy
84%
557India
84%
1041Switzerland
65%
612Netherlands
65%

Score Distribution

Percentile by Number Answered

Percent of People with Each Score

Your Score History

You have not taken this quiz